Nárok na vrátenie DPH z tovarov a služieb obstaraných v zahraničí
Opatrenie Ministerstva financií SR č.23054/2002-92 ustanovujúce podrobnosti o postupoch účtovania a rámcovej účtovnej osnovy pre podnikateľov účtujúcich v sústave podvojného účtovníctva (postupy účtovania v PÚ). Postupy účtovania v PÚ na účte 343 - Daň z pridanej hodnoty. Nárok na vrátenie DPH z tov...
Guardado en:
| Autor principal: | |
|---|---|
| Formato: | Capítulo de libro |
| Lenguaje: | eslovaco |
| Materias: | |
| Etiquetas: |
Sin Etiquetas, Sea el primero en etiquetar este registro!
|
MARC
| LEADER | 00000naa a2200000 4500 | ||
|---|---|---|---|
| 001 | 0268659 | ||
| 005 | 20241121125719.4 | ||
| 041 | 0 | |a slo | |
| 044 | |a SK | ||
| 245 | 1 | 0 | |a Nárok na vrátenie DPH z tovarov a služieb obstaraných v zahraničí |c Ľudmila Novotná |
| 520 | |a Opatrenie Ministerstva financií SR č.23054/2002-92 ustanovujúce podrobnosti o postupoch účtovania a rámcovej účtovnej osnovy pre podnikateľov účtujúcich v sústave podvojného účtovníctva (postupy účtovania v PÚ). Postupy účtovania v PÚ na účte 343 - Daň z pridanej hodnoty. Nárok na vrátenie DPH z tovarov a služieb obstaraných v zahraničí. Účtovanie nároku na vrátenie dane z pridanej hodnoty. | ||
| 610 | 2 | 0 | |a účtovníctvo podvojné |
| 610 | 2 | 0 | |a dane |
| 610 | 2 | 0 | |a tovar |
| 610 | 2 | 0 | |a postupy účtovné |
| 610 | 2 | 0 | |a služby |
| 610 | 2 | 0 | |a zahraničie |
| 100 | 1 | |a Novotná, Ľudmila | |